| 000 | 00678nam a2200253Ia 4500 | ||
|---|---|---|---|
| 001 | 34843 | ||
| 005 | 20240114001748.0 | ||
| 007 | ta | ||
| 008 | 070305s1944 g b000 u asm u | ||
| 040 | _aCotton College,Assam | ||
| 041 | _aasm | ||
| 082 |
_a923.2 _bN 162 C |
||
| 100 | _aChoudhury, Ashwini Charan. | ||
| 245 | 0 |
_aDeep Nirban / _cAshwini Charan Choudhury. _hTextual Documents |
|
| 250 | _a1st ed. / | ||
| 260 |
_aDibrughar : _bAshwini Charan Choudhury , _c1944. |
||
| 300 |
_a95p. ; _c18cm. |
||
| 653 | _aBiography-Napolean Bonaparte | ||
| 653 | _aG-Biography | ||
| 942 |
_2ddc _cBK |
||
| 999 |
_c34825 _d34825 |
||